| 000 | 00600nam a22001937a 4500 | ||
|---|---|---|---|
| 005 | 20251108164646.0 | ||
| 008 | 250721s1995 xx 000 0 ara d | ||
| 082 | 1 | 4 | _a414.1/سيد |
| 100 | 1 | _aعبد الغفار، السيد أحمد | |
| 245 | 1 | 0 | _aالتأويل و صلته باللغة / |
| 264 | 1 |
_aالإسكندرية : _bدار المعرفة الجامعية، _c1995. |
|
| 300 | _a208ص | ||
| 490 | 0 | _aدراسات إسلامية ولغوية | |
| 650 | 1 | 7 | _aاللغة العربية |
| 650 | 1 | 7 | _aالبلاغة |
| 650 | 1 | 7 | _aالمعاني |
| 942 |
_2ddc _cBK |
||
| 999 |
_c11131 _d11131 |
||